|
|
|
|
| LEADER |
00632cam a2200181 7i4500 |
| 001 |
0000012174 |
| 005 |
20220119090000.0 |
| 022 |
0 |
0 |
|a 10281096
|
| 090 |
0 |
0 |
|a CD 382.5025
|b IMP (TAIW)
|
| 245 |
0 |
0 |
|a Importers & exporters in Taiwan, Republic of China 2000.
|
| 250 |
0 |
0 |
|a 2nd ed..
|
| 260 |
0 |
0 |
|a Taipei:
|b Taipei World Trade Center,
|c 2000.
|
| 300 |
# |
# |
|a Electronic computer optical disc (CD-ROM).
|
| 650 |
0 |
0 |
|a Business --
|x Directories --
|z Taiwan
|
| 650 |
0 |
0 |
|a Importers --
|x Directories --
|z Taiwan
|
| 650 |
0 |
0 |
|a Exporters --
|x Directories --
|z Taiwan
|
| 651 |
0 |
0 |
|a Taiwan
|
| 999 |
|
|
|a CDR000289H
|b CD-ROM
|c AV Collection
|e Business Information Centre
|